| 000 | 01532nam a2200205 a 4500 | ||
|---|---|---|---|
| 008 | 161216e2001 ag ||||g |||| 000 1 spa d | ||
| 020 | _a950042262X | ||
| 041 | _aspa | ||
| 092 |
_c808 _l22 _sERM |
||
| 100 | 1 |
_aErmelino, Louisa _93945 |
|
| 245 | 3 |
_aLa virgen negra / _cLouisa Ermelino |
|
| 250 |
_a1a ed. _bTraducción Santiago Llach |
||
| 260 |
_aBuenos Aires: _bEmecé; _c2001. |
||
| 300 |
_a232 p. _c23x15 cm. |
||
| 500 | _aErmelino, L. (2001). La virgen negra. (1a ed.). Buenos Aires : Emecé. | ||
| 505 | _aLa virgen negra protegió siempre a los habitantes de las montañas del sur de Italia, y algunos dicen que ha seguido a su gente, a través del mar, hasta América. ¿Qué otra cosa puede explicar la magia y los milagros de la calle Spring? Teresa, cuyo hijo sufrió un accidente que le impide caminar, tiene una estampa de la Virgen escondida entre su ropa. Magdalena logra que cualquier hombre se enamore de ella, incluido su hijastro, rezando secretamente ante la Imagen. Y Antoinette, quien después de poner un retrato de la virgen en su cocina, da a luz a Jumbo, el bebé mas grande del vecindario. Sus personajes vibrantes y entrañables que disfrutan sus vidas, luchan contra la adversidad y transmiten la sabiduría popular como si fuera una reliquia. La Virgen Negra es una novela que celebra las imágenes, los sonidos, los olores y el humor de los inmigrantes italianos en América. | ||
| 590 | _aProyecto 4to libro. Donación Victoria Lara, Mayo 2018. | ||
| 655 |
_aLiteratura _92917 |
||
| 942 |
_2ddc _cLIT |
||
| 999 |
_c2781 _d2781 |
||